000 00686nam a2200193Ii 4500
003 JO-AjNU
008 230605s9999||||xx |||||||||||||| ||und||
040 _aJO-AjNU
_bara
_erda
_cJO-AjNU
041 _aara
050 1 4 _aPJ6127.H3 1900
100 3 _aتاليف الهاشمي، السيد أحمد,
_eauthor
_938735
245 0 0 _aالمفرد العلم في رسم القلم
264 3 1 _aالقاهرة: المكتبة التجارية الكبرى، 1900
300 _a303ص
336 _atext
_btxt
_2rdacontent
337 _aunmediated
_bn
_2rdamedia
338 _avolume
_bnc
_2rdacarrier
650 4 _aاللغة العربية-املاء-قصة عربية قصيرة
_938736
999 _aA16299
_c19867
_d19867